Movies Quiz

Random Movies or Animation Quiz

The 3rd Thing You Need to Know: Animated Movies Quiz Stats

 Plays Quiz Updated Jan 20, 2019

Support Sporcle.
Go Orange.
Score 0/20 Timer 04:00
3 Plays Today
% Correct
Toy Story 2
94.6%
Pinocchio
94.3%
Up
93.5%
Yellow Submarine
91%
Fantastic Mr. Fox
87.9%
Fantasia
82.6%
The Nightmare Before Christmas
81.7%
Coraline
79.3%
How to Train Your Dragon
71.1%
The Jungle Book
68.1%
% Correct
Kiki's Delivery Service
66.2%
Princess Mononoke
61.4%
Akira
59.3%
Persepolis
51.1%
Watership Down
50.5%
My Neighbor Totoro
48.2%
The Lion King
43.1%
The Triplets of Belleville
39.7%
When the Wind Blows
33.6%
The Adventures of Prince Achmed
28.1%

You're not logged in!

Compare scores with friends on all Sporcle quizzes.
OR
Log In
Forgot?

From the Vault

Musical Men by Image A-Z II

by El_Dandy

Music 7m
Today you're looking at music. But you'll be using anything but your ears.
Remove Ads.
Support Sporcle.
Get the best of Sporcle when you Go Orange. This ad-free experience offers more features, more stats, and more fun while also helping to support Sporcle. Thank you for becoming a member.

Show Comments

Extras

Top Quizzes Today


Score Distribution

Your Account Isn't Verified!

In order to create a playlist on Sporcle, you need to verify the email address you used during registration. Go to your Sporcle Settings to finish the process.

Report this User

Report this user for behavior that violates our Community Guidelines.

Details: